Student solution manual of applied mathematics for business, economics & the social sciences (Record no. 219499)
[ view plain ]
| 000 -LEADER | |
|---|---|
| fixed length control field | nam a22 7a 4500 |
| 003 - CONTROL NUMBER IDENTIFIER | |
| control field | Nust |
| 005 - DATE AND TIME OF LATEST TRANSACTION | |
| control field | 20170210123000.0 |
| 008 - FIXED-LENGTH DATA ELEMENTS--GENERAL INFORMATION | |
| fixed length control field | 170210b xxu||||| |||| 00| 0 eng d |
| 040 ## - CATALOGING SOURCE | |
| Transcribing agency | 0 |
| 082 ## - DEWEY DECIMAL CLASSIFICATION NUMBER | |
| Classification number | 510 |
| 100 ## - MAIN ENTRY--PERSONAL NAME | |
| Relator code | Budnick, Frank S. |
| 245 ## - TITLE STATEMENT | |
| Title | Student solution manual of applied mathematics for business, economics & the social sciences |
| Statement of responsibility, etc. | Frank S Budnick |
| 250 ## - EDITION STATEMENT | |
| Edition statement | 4th edition |
| 300 ## - PHYSICAL DESCRIPTION | |
| Extent | 641p |
| 942 ## - ADDED ENTRY ELEMENTS (KOHA) | |
| Source of classification or shelving scheme | |
| Koha item type | Book |
| Withdrawn status | Lost status | Source of classification or shelving scheme | Damaged status | Not for loan | Collection code | Permanent Location | Current Location | Shelving location | Date acquired | Total Checkouts | Total Renewals | Full call number | Barcode | Checked out | Date last seen | Date last checked out | Price effective from | Koha item type |
|---|---|---|---|---|---|---|---|---|---|---|---|---|---|---|---|---|---|---|
| Central Library (CL) | Central Library (CL) | General Stacks | 02/10/2017 | 5 | 2 | 510 BUD | S3H-D-213 | 12/05/2025 | 08/07/2025 | 08/07/2025 | 02/10/2017 | Book |
